| 000 | 00378nam a2200145 a 4500 | ||
|---|---|---|---|
| 005 | 20140412111423.0 | ||
| 008 | 080124s19uu xx 00 eng d | ||
| 020 | _a0-7172-6471-8 | ||
| 050 |
_aER _bOn2 2000 |
||
| 245 | _a102 Dalmatians. | ||
| 260 |
_aU.S.A : _bDisney Interprises, _c2000. |
||
| 300 | _aunp. | ||
| 440 | _aDisney's wonderful world of reading | ||
| 999 |
_c106119 _d106119 |
||